Complex Variables: Theory And Applications (Record no. 7616)

000 -LEADER
fixed length control field 00454 a2200157 4500
020 ## - INTERNATIONAL STANDARD BOOK NUMBER
International Standard Book Number 8120326415
082 ## - DEWEY DECIMAL CLASSIFICATION NUMBER
Classification number 515.9
100 ## - MAIN ENTRY--PERSONAL NAME
Personal name Kasana, H. S.
245 ## - TITLE STATEMENT
Title Complex Variables: Theory And Applications
Statement of responsibility, etc. H. S. Kasana
250 ## - EDITION STATEMENT
Edition statement 2nd ed
260 ## - PUBLICATION, DISTRIBUTION, ETC.
Place of publication, distribution, etc. New Delhi:
Name of publisher, distributor, etc. Prentice-Hall of India Pvt. Ltd.
Date of publication, distribution, etc. 2005.
300 ## - PHYSICAL DESCRIPTION
Extent xii, 492 p.
Other physical details : ill.
Dimensions ; 24 cm.
500 ## - GENERAL NOTE
General note Includes Index
650 ## - SUBJECT ADDED ENTRY--TOPICAL TERM
Topical term or geographic name entry element Functions of complex variables.
942 ## - ADDED ENTRY ELEMENTS (KOHA)
Koha item type Book
Call number prefix 515.9 KAS
Holdings
Withdrawn status Lost status Damaged status Not for loan Collection code Permanent Location Current Location Shelving location Date acquired Source of acquisition Cost, normal purchase price Total Checkouts Total Renewals Full call number Barcode Date last seen Date last checked out Price effective from Koha item type
          Central Library (CL) Central Library (CL) General Stacks 06/15/2005 Allied Book Company 476.77 1 1 515.9 KAS SEECS005917 06/04/2016 09/29/2015 01/05/2017 Book
© 2023 Central Library, National University of Sciences and Technology. All Rights Reserved.